000
00232nam a22000857a 4500
008
160630b xxu||||| |||| 00| 0 eng d
100
_9
1473
_a
Kapoors, S
245
_a
Khazana of Indian Recipes
260
_a
Mumbai
_b
Popular Prakashan
_c
1999
999
_c
1219
_d
1219